|
|
|
|
| LEADER |
00751nam a22002292a 4500 |
| 001 |
001817657 |
| 003 |
CZ BrMZK |
| 005 |
20220310083011.0 |
| 007 |
ta |
| 008 |
220310s1948 xr er|||||||||||cze d |
| 015 |
|
|
|a cnb000711912
|
| 035 |
|
|
|a (OCoLC)71235124
|
| 040 |
|
|
|a ABA001
|b cze
|c PNA001
|d ABA001
|
| 100 |
1 |
|
|a Salajka, Antonín,
|d 1901-1975
|7 jk01110333
|4 aut
|
| 245 |
1 |
0 |
|a Studium křesťanského východu /
|c ThDr., Scient. eccl. orient. Dr. Antonín Salajka
|
| 250 |
|
|
|a První vydání
|
| 260 |
|
|
|a Praha :
|b nákladem vlastním,
|c 1948
|f (Č.S.T.)
|
| 300 |
|
|
|a 30, [II] s. ;
|c 8°
|
| 910 |
|
|
|a BOA001
|b X-0219.230
|
| 990 |
|
|
|a BK
|
| 991 |
|
|
|b 202202
|
| 996 |
6 |
|
|b 2618725123
|c X-0219.230
|l MZK
|r Sklad / do 24 hodin
|n 0
|w 001881479
|u 000010
|a 1
|e BOA001
|j MZK50
|s P
|